Pracovný zošit zo slovenského jazyka pre 2. ročník základnej školy /

Hlavní autor: Ballová, Adriana
Další autoři: Bernáthová, Margita, Balážová, Anna
Jazyk: Čeština
Vydáno: Bratislava : Slovenské pedagogické nakladateľstvo, 1988
Vydání: 4. vyd.
Témata:
Fyzický popis: 64 s.
Knihy
Uloženo v:
LEADER 00898nam a22002292a 4500
001 000204396
003 CZ BrMZK
005 19970107143423.0
008 970107s1988 xo f cze d
040 |a BOA001  |b cze 
080 |a 372.880.854(078):373.32  |2 MRF 
100 1 |a Ballová, Adriana  |7 jx20031130033 
245 1 0 |a Pracovný zošit zo slovenského jazyka pre 2. ročník základnej školy /  |c Adriana Ballová, Anna Balážová, Margita Bernáthová 
250 |a 4. vyd. 
260 |a Bratislava :  |b Slovenské pedagogické nakladateľstvo,  |c 1988 
300 |a 64 s. 
700 1 |a Bernáthová, Margita  |7 jx20031130044 
700 1 |a Balážová, Anna  |7 jx20031130034 
910 |a BOA001  |b PK-N-0026.949 
964 |a Slovenština - sešity pracovní - školy základní (stupeň 1.) 
990 |a BK 
996 7 |b 3119900868  |c PK-N-0026.949  |l MZK  |r Sklad / do 1 hodiny  |n 0  |w 000204396  |u 000010  |a 1  |e BOA001  |j MZK50  |s A